|
|
|
|
| LEADER |
00832nam a2200205 i 4500 |
| 001 |
acta37282 |
| 005 |
20230327120747.0 |
| 008 |
161201s2010 hu o 0|| hun d |
| 022 |
|
|
|a 0139-2743
|
| 040 |
|
|
|a SZTE Egyetemi Kiadványok Repozitórium
|b hun
|
| 041 |
|
|
|a hun
|
| 245 |
0 |
3 |
|a Az Vörös-tenger körülhajózása
|h [elektronikus dokumentum] :
|b egy ismeretlen alexandriai kereskedő útleírása a Kr. u. 1. századból
|
| 260 |
|
|
|a SZTE
|b Szeged
|c 2010
|
| 300 |
|
|
|a 67
|
| 490 |
0 |
|
|a Acta antiqua et archaeologica : supplementum
|v 11
|
| 650 |
|
4 |
|a Bölcsészettudományok
|
| 650 |
|
4 |
|a Történettudomány és régészet
|
| 695 |
|
|
|a Művelődéstörténet - ókor - Egyiptom, Vörös-tenger - útleírás - ókori
|
| 700 |
0 |
2 |
|a W. Salgó Ágnes
|
| 856 |
4 |
0 |
|u http://acta.bibl.u-szeged.hu/37282/1/antiqua_suppl_011.pdf
|z Dokumentum-elérés
|